| 000 | 00660nam a2200205 4500 | ||
|---|---|---|---|
| 001 | 138526 | ||
| 003 | ES-MaACL | ||
| 005 | 20250727032333.0 | ||
| 007 | t| | ||
| 008 | 070214s1976 sp r ||||1| spa d | ||
| 100 | 1 |
_aSan Román, Teresa. _9102299 |
|
| 245 | 1 | 0 |
_aVecinos gitanos / _cTeresa San Román ; prólogo de Carmelo Lisón Tolosana. |
| 260 |
_aMadrid : _bAkal, _c1976. |
||
| 300 |
_a344 p. ; _c22 cm. |
||
| 490 | 1 |
_aManifiesto. Antropología social ; _v45 |
|
| 700 | 1 |
_aLisón Tolosana, Carmelo. _972541 |
|
| 830 | 0 |
_aManifiesto. Serie antropología _v45 _9232060 |
|
| 852 |
_aES-MaACL _jL-11902 _bR.114071 |
||
| 999 |
_c138526 _d138526 |
||